• 首页
  • 本馆介绍
  • 公告通知
  • 最新文献
  • 馆藏检索
  • 电子资源
  • 读者导购
  • 参考咨询
  • 我的图书馆
  • 登录
  • 详细信息显示
  • 放入我的书架
  • 预约/预借图书
  • 作者相关作品
  • 分类相关作品
  • 丛书相关作品
  • 出版社相关作品

书目信息

  • 表格格式
  • 工作单格式
  • 卡片格式
题名:
植物营养学
    
 
作者: 黄建国 主编
分册:  
出版信息: 北京   中国林业出版社  2003.09
页数: 444页
开本: 25cm
丛书名:
单 册:
中图分类: Q945.1
科图分类:
主题词: 植物营养--营养学--高等学校--教材 , 植物营养 , 营养学
电子资源:
ISBN: 7-5038-3445-5
000 00841nam0 2200253 450
001 4881
005 20181013143858.17
010    @a7-5038-3445-5@dCNY55.00
100    @a20040913d2003 em y0chiy50 ea
101 0  @achi@deng@eeng
102    @aCN@b110000
105    @ay z 000yy
200 1  @a植物营养学@9zhi wu ying yang xue@f黄建国主编
210    @a北京@c中国林业出版社@d2003.09
215    @a444页@d25cm
300    @a全国高等农林院校教材 全国高等农林院校“十五”规划教材
330    @a本书全面介绍了植物营养基本理论、物质基础和调控技术,涉及植物营养的基本理论、化学肥料、有机肥料,及施肥技术等内容。
606 0  @a植物营养@x营养学@x高等学校@j教材
606 0  @a植物营养
606 0  @a营养学
690    @aQ945.1@v4
701  0 @a黄建国@9huang jian guo@c(植物学)@4主编
801  0 @aCN@b91MARC@c20130904
905    @aMuseLib@dQ945.1@e394
    
    植物营养学/黄建国主编.-北京:中国林业出版社,2003.09
    444页;25cm
    全国高等农林院校教材 全国高等农林院校“十五”规划教材
    
    ISBN 7-5038-3445-5:CNY55.00
    本书全面介绍了植物营养基本理论、物质基础和调控技术,涉及植物营养的基本理论、化学肥料、有机肥料,及施肥技术等内容。
●
相关链接 在E读中查询图书 在五车中查询图书 在当当中查询图书 在豆瓣中查询图书


正题名:植物营养学     索取号:Q945.1/394         预约/预借

序号 登录号 条形码 馆藏地/架位号 状态 备注
1 1127057   211270578   第二样本阅览室/ [索取号:Q945.1/394] 在馆    
2 1127058   211270587   第三借阅区/ [索取号:Q945.1/394] 在馆    
3 1127059   211270596   第三借阅区/ [索取号:Q945.1/394] 在馆    
4 1127060   211270603   第三借阅区/ [索取号:Q945.1/394] 在馆    
5 1127061   211270612   密集书库-生命科学系/ [索取号:Q945.1/394] 在馆    
唐山师范学院图书馆 欢迎您!
大连网信软件有限公司© 版权所有